[Event "Mistrzostwa Polski Juniorow do 16 lat"]
[Site "Karpacz"]
[Date "2015.??.??"]
[Round "4.11"]
[White "Klepek, Witold"]
[Black "Bakalarczyk, Jakub"]
[Result "1/2-1/2"]
[WhiteElo "1931"]
[BlackElo "1602"]
[PlyCount "88"]
[EventDate "2015.??.??"]

1. e4 c6 2. d4 d5 3. Nc3 dxe4 4. Nxe4 Bf5 5. Ng3 Bg6 6. h4 h6 7. Nf3 Nd7 8. h5
Bh7 9. Bd3 Bxd3 10. Qxd3 e6 11. Bd2 Qc7 12. O-O-O Ngf6 13. Ne4 O-O-O 14. Nxf6
Nxf6 15. Qe2 c5 16. dxc5 Bxc5 17. Ne5 Bd6 18. f4 Kb8 19. Kb1 Rc8 20. Rc1 Rhd8
21. Rhd1 Bxe5 22. fxe5 Nd7 23. Bc3 Nb6 24. Bb4 Qc4 25. Bd6+ Ka8 26. Qxc4 Nxc4
27. Rd4 f6 28. Rcd1 b5 29. exf6 gxf6 30. Be7 Rxd4 31. Rxd4 f5 32. c3 Rg8 33.
Rd8+ Rxd8 34. Bxd8 Kb7 35. Bf6 Nd2+ 36. Kc2 Ne4 37. Bg7 Ng3 38. Bxh6 Nxh5 39.
Kd3 e5 40. c4 Kc6 41. b4 a6 42. a3 Kd6 43. Bd2 Nf6 44. Bc3 Ne4 1/2-1/2

[Event "Mistrzostwa Polski Juniorow do 16 lat"]
[Site "Karpacz"]
[Date "2015.??.??"]
[Round "4.14"]
[White "Czerniawski, Krzysztof"]
[Black "Maj, Kornel"]
[Result "1/2-1/2"]
[WhiteElo "1680"]
[BlackElo "2089"]
[PlyCount "73"]
[EventDate "2015.??.??"]

1. e4 c5 2. Nf3 Nc6 3. Bb5 d6 4. O-O Bd7 5. c3 Nf6 6. Re1 g6 7. d4 cxd4 8. cxd4
Bg7 9. Nc3 O-O 10. h3 a6 11. Bxc6 Bxc6 12. Bg5 h6 13. Bh4 d5 14. e5 Ne4 15. Nd2
Nxd2 16. Qxd2 f5 17. exf6 exf6 18. Bg3 Qd7 19. Ne2 Rae8 20. Nf4 Qf7 21. Nd3
Rxe1+ 22. Rxe1 Re8 23. Bd6 Re6 24. Bg3 Qe8 25. Rxe6 Qxe6 26. Nc5 Qe7 27. Qe3
Qxe3 28. fxe3 Kf7 29. Kf2 Bf8 30. Bf4 g5 31. Bc7 h5 32. b4 Kg6 33. Kf3 Bxc5 34.
bxc5 Kf5 35. g4+ Kg6 36. gxh5+ Kxh5 37. Kg3 1/2-1/2

[Event "Mistrzostwa Polski Juniorow do 16 lat"]
[Site "Karpacz"]
[Date "2015.??.??"]
[Round "4.15"]
[White "Holownia, Michal"]
[Black "Zaleski, Lukasz"]
[Result "1/2-1/2"]
[WhiteElo "1795"]
[BlackElo "2005"]
[PlyCount "81"]
[EventDate "2015.??.??"]

1. e4 e6 2. d4 d5 3. Nc3 Bb4 4. Nge2 Nf6 5. a3 Be7 6. e5 Nfd7 7. Ng3 c5 8. Nh5
Bf8 9. f4 g6 10. Ng3 cxd4 11. Qxd4 Nc6 12. Qd1 h5 13. Bd2 a6 14. Nge2 b5 15.
Ng1 Bc5 16. Nf3 Nb6 17. b3 Qc7 18. Bd3 Nd4 19. b4 Nxf3+ 20. Qxf3 Be7 21. O-O
Nc4 22. Qe2 Bb7 23. Nd1 Rc8 24. Kh1 Qc6 25. Ra2 Bd8 26. Nf2 Bb6 27. Nh3 d4 28.
Ng5 Qxg2+ 29. Qxg2 Bxg2+ 30. Kxg2 Nxd2 31. Rd1 Nc4 32. Kf3 Ke7 33. Ne4 Rhd8 34.
Re1 Rc7 35. Re2 a5 36. Bxc4 bxc4 37. Rd2 Ra8 38. b5 a4 39. Rd1 Ra5 40. Rb1 Ra8
41. Nd6 1/2-1/2

[Event "Mistrzostwa Polski Juniorow do 16 lat"]
[Site "Karpacz"]
[Date "2015.??.??"]
[Round "4.16"]
[White "Wacior, Maciej"]
[Black "Choina, Michal"]
[Result "1-0"]
[WhiteElo "1997"]
[BlackElo "1678"]
[PlyCount "96"]
[EventDate "2015.??.??"]

1. d4 Nf6 2. Nf3 g6 3. Bf4 d6 4. h3 Bg7 5. e3 Nbd7 6. Be2 e6 7. O-O b6 8. c4 a5
9. Nc3 Bb7 10. Rc1 O-O 11. a3 Re8 12. Bh2 Ne4 13. Nb5 Bf8 14. Bd3 f5 15. Ne1
Nef6 16. b4 e5 17. c5 bxc5 18. bxc5 dxc5 19. Bc4+ Kh8 20. dxe5 Nxe5 21. Bxe5
Rxe5 22. Qxd8 Rxd8 23. Nxc7 Bd6 24. Ne6 Re8 25. Ng5 Bd5 26. Bxd5 Rxd5 27. Nf7+
Kg8 28. Nxd6 Rxd6 29. Nf3 Ne4 30. Rc4 Rc8 31. Rfc1 Rcd8 32. g4 Kh8 33. Kg2 Re6
34. Ra4 Ra8 35. Rc2 h6 36. Nh4 fxg4 37. hxg4 Kg7 38. Rcc4 Rae8 39. Rxa5 Rf6 40.
Ra7+ Kg8 41. f3 Nd6 42. Rxc5 Rxe3 43. Rcc7 Nf7 44. Nxg6 Rexf3 45. Ne7+ Kf8 46.
Ra8+ Kg7 47. Nf5+ R3xf5 48. gxf5 Rxf5 1-0

[Event "Mistrzostwa Polski Juniorow do 16 lat"]
[Site "Karpacz"]
[Date "2015.??.??"]
[Round "4.19"]
[White "Rzeszowski, Dominik"]
[Black "Wisniewski, Jacek"]
[Result "0-1"]
[WhiteElo "1780"]
[BlackElo "1775"]
[PlyCount "104"]
[EventDate "2015.??.??"]

1. g4 d6 2. h3 c5 3. Bg2 Nc6 4. e4 g6 5. Nc3 Bg7 6. d3 e6 7. Be3 Nge7 8. f4 Nd4
9. Nf3 Nec6 10. O-O O-O 11. Qd2 f5 12. g5 Rb8 13. Nd1 b5 14. Nh4 Ne7 15. c3
Ndc6 16. exf5 exf5 17. d4 cxd4 18. cxd4 Na5 19. b3 Bb7 20. Bxb7 Nxb7 21. Rc1
Nd5 22. Nc3 Nxc3 23. Rxc3 d5 24. Rfc1 Nd6 25. Qd3 Ne4 26. R3c2 Qa5 27. Nf3 Qa6
28. Ne5 Rfe8 29. Nd7 Rb7 30. Nc5 Nxc5 31. Rxc5 Qxa2 32. Rxd5 Rbe7 33. Re1 a6
34. Rc5 Qa5 35. Re2 Qb4 36. Rd5 Re4 37. Bd2 Qe7 38. Rxe4 Qxe4 39. Qxe4 Rxe4 40.
Rd8+ Kf7 41. d5 Bd4+ 42. Kf1 Be3 43. Bxe3 Rxe3 44. Rd7+ Re7 45. Rd6 Ra7 46. Ke2
a5 47. Rb6 a4 48. bxa4 bxa4 49. Rb2 a3 50. Ra2 Ke7 51. Kd3 Kd6 52. Kc4 Ra8 0-1

[Event "Mistrzostwa Polski Juniorow do 16 lat"]
[Site "Karpacz"]
[Date "2015.??.??"]
[Round "4.7"]
[White "Bilczewski, Kacper"]
[Black "Madej, Roman"]
[Result "1-0"]
[WhiteElo "1890"]
[BlackElo "1935"]
[PlyCount "71"]
[EventDate "2015.??.??"]

1. e4 c6 2. d3 d5 3. Nd2 e5 4. Ngf3 Bd6 5. g3 Nf6 6. Bg2 O-O 7. O-O Bg4 8. Re1
dxe4 9. dxe4 b5 10. Nf1 Bc7 11. Qe2 h6 12. Ne3 Be6 13. Nh4 Bb6 14. Nhf5 Nbd7
15. b3 Qc7 16. Ba3 Bc5 17. Bb2 Kh7 18. Qd2 Rfd8 19. Qc1 Bf8 20. Nf1 g6 21. Nh4
Bc5 22. h3 a5 23. Ne3 a4 24. Rf1 b4 25. Qe1 a3 26. Bc1 Bd4 27. Rb1 Qb6 28. Bd2
Rab8 29. c3 bxc3 30. Bxc3 Nc5 31. Ba5 Qa7 32. Bxd8 Rxd8 33. Nc4 Nd3 34. Qe2 Nh5
35. Qf3 Rb8 36. Qxd3 1-0

[Event "Mistrzostwa Polski Juniorow do 16 lat"]
[Site "Karpacz"]
[Date "2015.??.??"]
[Round "4.12"]
[White "Szustakowski, Antoni"]
[Black "Fukowski, Pawel"]
[Result "1-0"]
[WhiteElo "1862"]
[BlackElo "1920"]
[PlyCount "76"]
[EventDate "2015.??.??"]

1. Nf3 Nf6 2. c4 g6 3. Nc3 Bg7 4. e4 d6 5. d4 O-O 6. Be2 Nc6 7. O-O e5 8. d5
Ne7 9. b4 a5 10. Ba3 axb4 11. Bxb4 Nd7 12. Na4 b6 13. Nc3 f5 14. Nd2 fxe4 15.
Ndxe4 Nc5 16. a4 Bf5 17. Bf3 Bxe4 18. Nxe4 Nf5 19. g3 h5 20. Bg2 Nb7 21. g4 Nh4
22. gxh5 Nxg2 23. Kxg2 Qh4 24. f3 Qxh5 25. Ra2 Bh6 26. Be1 Bf4 27. Bg3 Rf7 28.
Kg1 Raf8 29. Bxf4 Rxf4 30. Raf2 Nd8 31. Qd3 Kg7 32. Ng3 Qh4 33. Rg2 R8f6 34.
Ne4 Rf8 35. Kh1 Nf7 36. Rfg1 Rxf3 37. Rxg6+ Kh8 38. Qb1 Rf4 1-0

[Event "Mistrzostwa Polski Juniorow do 16 lat"]
[Site "Karpacz"]
[Date "2015.??.??"]
[Round "4.13"]
[White "Tamon, Radoslaw"]
[Black "Mockun, Dawid"]
[Result "0-1"]
[WhiteElo "1880"]
[BlackElo "1892"]
[PlyCount "102"]
[EventDate "2015.??.??"]

1. e4 e6 2. d4 d5 3. Nc3 Nf6 4. e5 Nfd7 5. f4 c5 6. Nf3 Nc6 7. Be3 a6 8. Qd2 b5
9. dxc5 Nxc5 10. a3 Bb7 11. Nd4 Qc7 12. Bd3 Nxd3+ 13. Qxd3 Na5 14. O-O g6 15.
b3 Rc8 16. Nce2 Be7 17. Rfc1 O-O 18. g4 Nc6 19. g5 Bc5 20. c3 Qd7 21. Rc2 Rc7
22. b4 Bb6 23. Nb3 Bxe3+ 24. Qxe3 Ne7 25. Nc5 Qc8 26. Nd4 Bc6 27. Qf2 Bd7 28.
Kg2 Rxc5 29. bxc5 Qxc5 30. Nf3 Qc4 31. Rb1 Qxf4 32. Rb4 Qf5 33. Qd2 d4 34. Nxd4
Qxe5 35. Nf3 Bc6 36. Qf4 Qxf4 37. Rxf4 e5 38. Rf6 Nd5 39. Rxc6 Ne3+ 40. Kf2
Nxc2 41. Nxe5 Ra8 42. Rc7 Nxa3 43. Kg2 a5 44. Nxf7 a4 45. Nh6+ Kf8 46. Rxh7 Ra6
47. Rf7+ Ke8 48. Rf2 Nb1 49. c4 b4 50. Ng4 a3 51. Ne3 b3 0-1

[Event "Mistrzostwa Polski Juniorow do 16 lat"]
[Site "Karpacz"]
[Date "2015.??.??"]
[Round "4.17"]
[White "Kaminski, Piotr"]
[Black "Badyra, Wasyl"]
[Result "0-1"]
[WhiteElo "1887"]
[BlackElo "1885"]
[PlyCount "88"]
[EventDate "2015.??.??"]

1. e4 c5 2. Nf3 Nc6 3. d4 cxd4 4. Nxd4 g6 5. c4 Bg7 6. Be3 Nf6 7. Nc3 O-O 8.
Be2 d6 9. O-O Nd7 10. Qd2 Nc5 11. Rab1 Ne6 12. Nc2 b6 13. b4 Bb7 14. f3 Rc8 15.
Rfc1 Ne5 16. Na3 Kh8 17. Nd5 Nc7 18. Bf1 Ba8 19. Nxc7 Rxc7 20. Nb5 Rd7 21. a4
e6 22. Nd4 Qe7 23. Bf2 Rc8 24. Nb3 g5 25. Qe1 Rdc7 26. Nd2 h5 27. Qe3 Bh6 28.
g3 Kh7 29. Rc2 Qf6 30. Rd1 Nc6 31. Rb1 g4 32. f4 e5 33. Qc3 Kg7 34. f5 Ne7 35.
Re1 Bg5 36. Qb2 h4 37. Bd3 hxg3 38. hxg3 Qh6 39. Kf1 Nxf5 40. exf5 Qh1+ 41. Ke2
Bf3+ 42. Nxf3 Qxf3+ 43. Kf1 Rh8 44. f6+ Kf8 0-1

[Event "Mistrzostwa Polski Juniorow do 16 lat"]
[Site "Karpacz"]
[Date "2015.??.??"]
[Round "4.18"]
[White "Jankowiak, Tomasz"]
[Black "Oleszek, Maciej"]
[Result "1-0"]
[WhiteElo "1663"]
[BlackElo "1788"]
[PlyCount "51"]
[EventDate "2015.??.??"]

1. e4 c5 2. Nf3 e6 3. c4 d6 4. d4 cxd4 5. Nxd4 Nf6 6. Nc3 Be7 7. Be2 O-O 8. Be3
a6 9. O-O Qc7 10. Rc1 Nbd7 11. Qd2 Nc5 12. f3 b6 13. Rfd1 Bb7 14. Bf1 Rfd8 15.
Qf2 Ncd7 16. Nde2 Bc6 17. Nd5 Bxd5 18. cxd5 Qb7 19. dxe6 fxe6 20. Nf4 Nc5 21.
b4 e5 22. Nd5 Ne6 23. Bc4 Nxd5 24. Bxd5 Qd7 25. Bc6 Qc8 26. Bxb6 1-0

[Event "Mistrzostwa Polski Juniorow do 16 lat"]
[Site "Karpacz"]
[Date "2015.??.??"]
[Round "4.20"]
[White "Pasieka, Marcin"]
[Black "Klementowski, Dawid"]
[Result "1/2-1/2"]
[WhiteElo "1683"]
[BlackElo "1805"]
[PlyCount "79"]
[EventDate "2015.??.??"]

1. e4 c5 2. Nf3 e6 3. d4 cxd4 4. Nxd4 a6 5. Nc3 b5 6. a3 Bb7 7. Bd3 Qb6 8. Nb3
Qc7 9. O-O Nf6 10. Be3 Be7 11. Qe2 O-O 12. f4 d6 13. g4 Nc6 14. g5 Nd7 15. f5
Nce5 16. Nd4 Nxd3 17. cxd3 exf5 18. exf5 Rfe8 19. g6 hxg6 20. fxg6 fxg6 21.
Rac1 Bg5 22. Ne4 Bxe3+ 23. Qxe3 Qb6 24. Qf2 Ne5 25. Ng5 Ng4 26. Qf7+ Kh8 27.
Rf4 Be4 28. Nxe4 Qxd4+ 29. Nf2 Qxb2 30. Rc7 Re1+ 31. Kg2 Ne3+ 32. Kh3 Nf5 33.
Rxf5 gxf5 34. Qh5+ Kg8 35. Qf7+ Kh8 36. Qh5+ Kg8 37. Qf7+ Kh8 38. Qh5+ Kg8 39.
Qf7+ Kh8 40. Qh5+ 1/2-1/2

[Event "Mistrzostwa Polski Juniorow do 16 lat"]
[Site "?"]
[Date "2015.03.17"]
[Round "4.2"]
[White "Januszkiewicz, Wojciech"]
[Black "Szostko, Jakub"]
[Result "1-0"]
[WhiteElo "1965"]
[BlackElo "2162"]
[PlyCount "51"]
[EventDate "2015.??.??"]

1. e4 c5 2. Nf3 e6 3. d4 cxd4 4. Nxd4 Nf6 5. Nc3 d6 6. g4 h6 7. h3 Nc6 8. Be3
Bd7 9. Bg2 Ne5 10. f4 Nc4 11. Bc1 e5 12. Nf5 g6 13. Ne3 Nxe3 14. Bxe3 exf4 15.
Bxf4 Qb6 16. Qd2 Qxb2 17. Rb1 Qa3 18. Rxb7 Bc6 19. Rb3 Qc5 20. Be3 Qe5 21. O-O
Bg7 22. Bd4 Qe6 23. Nd5 Nxe4 24. Bxe4 Qxe4 25. Re3 Bxd4 26. Qxd4 1-0

[Event "Mistrzostwa Polski Juniorow do 16 lat"]
[Site "?"]
[Date "2015.03.17"]
[Round "4.3"]
[White "Winiarski, Mikolaj"]
[Black "Domanski, Lukasz"]
[Result "1-0"]
[WhiteElo "2113"]
[BlackElo "1974"]
[PlyCount "99"]
[EventDate "2015.??.??"]

1. d4 d6 2. c4 e5 3. dxe5 dxe5 4. Qxd8+ Kxd8 5. Nc3 Be6 6. e4 c6 7. Be3 Nd7 8.
O-O-O Kc7 9. g3 Rd8 10. f4 f6 11. Nf3 Nh6 12. f5 Bf7 13. h3 Bb4 14. Nb1 a5 15.
Nbd2 Bc5 16. Bxc5 Nxc5 17. Kc2 g6 18. g4 g5 19. b3 Be8 20. Be2 Nf7 21. h4 h6
22. hxg5 hxg5 23. Rxh8 Nxh8 24. a3 Na6 25. Kc3 c5 26. Rh1 Nf7 27. Nf1 Bc6 28.
Bd3 Rh8 29. Rxh8 Nxh8 30. Ne3 Kd7 31. Nd5 Bxd5 32. cxd5 Nc7 33. b4 axb4+ 34.
axb4 b6 35. bxc5 bxc5 36. Nd2 Nf7 37. Nb3 Kd6 38. Na5 Nd8 39. Be2 Kd7 40. Kb3
Ke7 41. Ka4 Ne8 42. Nb3 Nb7 43. Nd2 Ned6 44. Ba6 Nd8 45. Ka5 N8f7 46. Kb6 Nh6
47. Be2 c4 48. Nxc4 Nxc4+ 49. Bxc4 Nxg4 50. Kc7 1-0

[Event "Mistrzostwa Polski Juniorow do 16 lat"]
[Site "?"]
[Date "2015.03.17"]
[Round "4.4"]
[White "Nowak, Kamil"]
[Black "Walter, Szymon"]
[Result "1/2-1/2"]
[WhiteElo "2080"]
[BlackElo "2179"]
[PlyCount "80"]
[EventDate "2015.??.??"]

1. e4 c5 2. Nf3 Nc6 3. d4 cxd4 4. Nxd4 g6 5. c4 Nf6 6. Nc3 d6 7. Nc2 Bg7 8. Be2
O-O 9. O-O a5 10. Bd2 a4 11. Na3 Nd4 12. Rc1 Bd7 13. f3 Bc6 14. Be3 Ne6 15. Qd2
Nd7 16. Rfd1 Nec5 17. Nab5 Re8 18. Nd4 Qb6 19. Rc2 Qb4 20. Nd5 Qxd2 21. Rcxd2
Bxd5 22. cxd5 Rec8 23. Rc2 Kf8 24. Rdc1 Ke8 25. Kf1 Kd8 26. Bb5 Bf6 27. g3 Ra5
28. Be2 Raa8 29. Kg2 h5 30. h4 Bg7 31. Bb5 Ra5 32. Be2 Raa8 33. Bb5 Ra5 34. Be2
Raa8 35. Bb5 Ra5 36. Be2 Raa8 37. Bb5 Ra5 38. Be2 Raa8 39. Bb5 Ra5 40. Be2 Raa8
1/2-1/2

[Event "Mistrzostwa Polski Juniorow do 16 lat"]
[Site "?"]
[Date "2015.03.17"]
[Round "4.5"]
[White "Janiszewski, Filip"]
[Black "Janik, Igor"]
[Result "0-1"]
[WhiteElo "1919"]
[BlackElo "2277"]
[PlyCount "114"]
[EventDate "2015.??.??"]

1. e4 c5 2. Nf3 d6 3. d4 Nf6 4. Nc3 cxd4 5. Nxd4 g6 6. Be3 Bg7 7. f3 O-O 8. Qd2
Nc6 9. O-O-O d5 10. exd5 Nxd5 11. Nxc6 bxc6 12. Bd4 Bxd4 13. Qxd4 Qc7 14. Bc4
e5 15. Qd2 Be6 16. Ne4 Rab8 17. Qh6 f6 18. h4 Qe7 19. Rd2 a5 20. c3 Nf4 21.
Rhd1 Rbd8 22. Rxd8 Rxd8 23. Rxd8+ Qxd8 24. Bxe6+ Nxe6 25. Qd2 Qe7 26. g3 f5 27.
Qd6 Kf7 28. Ng5+ Nxg5 29. Qxe7+ Kxe7 30. hxg5 Kd6 31. Kd2 Kd5 32. Kd3 c5 33. b3
c4+ 34. bxc4+ Kc6 35. c5 Kxc5 36. a3 Kd5 37. a4 Kc5 38. Kd2 Kc4 39. Kc2 e4 40.
fxe4 fxe4 41. Kd2 Kb3 42. Ke3 Kxa4 43. Kxe4 Kb3 44. Ke5 a4 45. Kf6 a3 46. Kg7
a2 47. Kxh7 a1=Q 48. Kxg6 Qxc3 49. Kh7 Qxg3 50. g6 Qh4+ 51. Kg8 Kc4 52. g7 Kd5
53. Kf8 Qf6+ 54. Kg8 Ke6 55. Kh7 Qh4+ 56. Kg6 Qg4+ 57. Kh7 Qh5+ 0-1

[Event "Mistrzostwa Polski Juniorow do 16 lat"]
[Site "Karpacz"]
[Date "2015.??.??"]
[Round "5.14"]
[White "Maj, Kornel"]
[Black "Tamon, Radoslaw"]
[Result "1-0"]
[WhiteElo "2089"]
[BlackElo "1880"]
[PlyCount "87"]
[EventDate "2015.??.??"]

1. e4 e6 2. d3 d5 3. Nd2 c5 4. Ngf3 Nc6 5. g3 g6 6. Bg2 Bg7 7. O-O Nge7 8. Re1
O-O 9. h4 Qc7 10. Qe2 b6 11. h5 Ba6 12. hxg6 hxg6 13. e5 Nb4 14. Nf1 c4 15. Qd2
Nbc6 16. d4 Nf5 17. c3 Qe7 18. g4 Nh4 19. g5 Nf5 20. N1h2 Rfd8 21. Ng4 Kf8 22.
Nf6 Bxf6 23. gxf6 Qc7 24. Ng5 Ke8 25. Qf4 Kd7 26. Nxf7 Rf8 27. Ng5 Rae8 28. b3
b5 29. bxc4 bxc4 30. Ba3 Rxf6 31. Bd6 Nxd6 32. exf6 Nd8 33. Qg4 Bc8 34. Bxd5
Nf5 35. Bg2 Rh8 36. Nf3 Nf7 37. Ne5+ Nxe5 38. dxe5 Bb7 39. Rad1+ Kc8 40. Bxb7+
Qxb7 41. Qxc4+ Kb8 42. Qe4 Nh4 43. Rb1 Nf3+ 44. Qxf3 1-0

[Event "Mistrzostwa Polski Juniorow do 16 lat"]
[Site "?"]
[Date "2015.03.18"]
[Round "5.1"]
[White "Winiarski, Mikolaj"]
[Black "Grela, Kacper"]
[Result "1/2-1/2"]
[WhiteElo "2113"]
[BlackElo "2172"]
[PlyCount "48"]
[EventDate "2015.??.??"]

1. d4 Nf6 2. c4 g6 3. g3 Bg7 4. Bg2 O-O 5. Nc3 d6 6. Nf3 Nc6 7. O-O Bg4 8. h3
Bxf3 9. Bxf3 Nd7 10. e3 e5 11. d5 Ne7 12. e4 f5 13. Bg2 f4 14. g4 g5 15. f3 h5
16. Bd2 c5 17. a4 a5 18. Kf2 Rf6 19. Ke2 h4 20. Qc2 Bf8 21. Qd1 Bg7 22. Qc2 Bf8
23. Qd1 Bg7 24. Qc2 Bf8 1/2-1/2

[Event "Mistrzostwa Polski Juniorow do 16 lat"]
[Site "?"]
[Date "2015.03.18"]
[Round "5.2"]
[White "Janik, Igor"]
[Black "Januszkiewicz, Wojciech"]
[Result "1-0"]
[WhiteElo "2277"]
[BlackElo "1965"]
[PlyCount "71"]
[EventDate "2015.??.??"]

1. e4 c5 2. Nf3 e6 3. c4 a6 4. Nc3 Nc6 5. Be2 d6 6. d4 cxd4 7. Nxd4 Nf6 8. O-O
Qc7 9. Be3 Be7 10. f3 O-O 11. Qd2 Ne5 12. Rfc1 b6 13. g4 Nc6 14. Nd5 Qb7 15.
Nxc6 exd5 16. cxd5 Re8 17. Bf4 b5 18. Qd4 Bf8 19. h3 Nd7 20. Rc2 g6 21. Rac1 a5
22. Qf2 Nc5 23. Qg3 Qb6 24. Kg2 Nb7 25. Qf2 Qxf2+ 26. Kxf2 b4 27. Nd4 Bd7 28.
Rc7 Bg7 29. Rxd7 Bxd4+ 30. Be3 Bxe3+ 31. Kxe3 Nc5 32. Rxd6 Rec8 33. Rc6 Rxc6
34. dxc6 Ne6 35. Bc4 Nc5 36. Bxf7+ 1-0

[Event "Mistrzostwa Polski Juniorow do 16 lat"]
[Site "?"]
[Date "2015.03.18"]
[Round "5.3"]
[White "Bilczewski, Kacper"]
[Black "Nowak, Kamil"]
[Result "1/2-1/2"]
[WhiteElo "1890"]
[BlackElo "2080"]
[PlyCount "111"]
[EventDate "2015.??.??"]

1. e4 c5 2. c3 d5 3. exd5 Qxd5 4. d4 Nf6 5. Nf3 e6 6. Be2 Be7 7. O-O O-O 8. c4
Qf5 9. Nc3 cxd4 10. Nxd4 Qa5 11. Qc2 a6 12. Be3 e5 13. Nf5 Bxf5 14. Qxf5 Nc6
15. Rfd1 Rad8 16. a3 g6 17. Qc2 Nd4 18. Bxd4 exd4 19. Ne4 Rfe8 20. Nxf6+ Bxf6
21. Qd3 Re7 22. Bf3 Rde8 23. b4 Qe5 24. Rf1 h5 25. Rac1 Qf4 26. c5 h4 27. c6 b5
28. g3 Qc7 29. Rc5 hxg3 30. hxg3 Kg7 31. Kg2 Rh8 32. Rcc1 Qd6 33. Rh1 Rhe8 34.
Rc5 Re5 35. Rhc1 Rxc5 36. Rxc5 Re5 37. Rxe5 Qxe5 38. Qc2 Bd8 39. Qd3 Bc7 40.
Be2 f5 41. Qf3 Kf6 42. Qd3 Qe4+ 43. Qxe4 fxe4 44. f3 d3 45. Bf1 Ke5 46. fxe4
Kxe4 47. Kf2 Kd4 48. g4 Bf4 49. Ke1 g5 50. Kd1 Kc3 51. Bg2 Kb2 52. Be4 d2 53.
c7 Bxc7 54. Kxd2 Kxa3 55. Bb7 Kxb4 56. Bxa6 1/2-1/2

[Event "Mistrzostwa Polski Juniorow do 16 lat"]
[Site "?"]
[Date "2015.03.18"]
[Round "5.4"]
[White "Walter, Szymon"]
[Black "Michalski, Filip"]
[Result "1-0"]
[WhiteElo "2179"]
[BlackElo "2030"]
[PlyCount "75"]
[EventDate "2015.??.??"]

1. e4 e6 2. d4 d5 3. Nc3 Nc6 4. e5 f6 5. exf6 Nxf6 6. Nf3 Bd6 7. Bb5 Bd7 8. O-O
O-O 9. Re1 a6 10. Bf1 Ng4 11. g3 Qf6 12. Bg2 Nxf2 13. Kxf2 Nxd4 14. Bg5 Qxg5
15. Qxd4 b6 16. Ke2 Qh5 17. Qh4 Qf5 18. Kd2 b5 19. Nd4 Qg6 20. Rf1 b4 21. Nxd5
exd5 22. Bxd5+ Kh8 23. Be4 Qh6+ 24. Qxh6 gxh6 25. Bxa8 Rxa8 26. Rae1 c5 27. Nf5
Bf8 28. Kc1 c4 29. Ne7 Bg7 30. Nd5 Rb8 31. Re7 Bc6 32. Rff7 Bxb2+ 33. Kxb2 Bxd5
34. Rxh7+ Kg8 35. Reg7+ Kf8 36. Rh8+ Kxg7 37. Rxb8 c3+ 38. Kb1 1-0

[Event "Mistrzostwa Polski Juniorow do 16 lat"]
[Site "?"]
[Date "2015.03.18"]
[Round "5.5"]
[White "Szostko, Jakub"]
[Black "Domanski, Lukasz"]
[Result "1-0"]
[WhiteElo "2162"]
[BlackElo "1974"]
[PlyCount "33"]
[EventDate "2015.??.??"]

1. e4 e5 2. Nf3 d6 3. d4 exd4 4. Qxd4 Nf6 5. Nc3 Be7 6. Bg5 O-O 7. O-O-O Nc6 8.
Qd2 a6 9. Bd3 Be6 10. Nd5 Nxd5 11. exd5 Bxd5 12. Bxh7+ Kxh7 13. Qxd5 Ne5 14. h4
Bf6 15. Nxe5 dxe5 16. Qe4+ Kg8 17. Rxd8 1-0

[Event "Mistrzostwa Polski Juniorow do 16 lat"]
[Site "Karpacz"]
[Date "2015.??.??"]
[Round "5.7"]
[White "Karpus, Michal"]
[Black "Szustakowski, Antoni"]
[Result "1-0"]
[WhiteElo "2092"]
[BlackElo "1862"]
[PlyCount "63"]
[EventDate "2015.??.??"]

1. e4 c5 2. Nf3 a6 3. d4 cxd4 4. Nxd4 Nf6 5. Nc3 e5 6. Nf3 Bb4 7. Bc4 Nc6 8.
Qd3 h6 9. O-O O-O 10. Nd5 Bc5 11. a4 d6 12. c3 a5 13. Be3 Bxe3 14. fxe3 Be6 15.
Nxf6+ Qxf6 16. Nd4 Bxc4 17. Qxc4 Qg5 18. Nf5 d5 19. exd5 Ne7 20. Qe4 Rad8 21.
c4 Rfe8 22. Ng3 Nc8 23. c5 Qe7 24. Qc4 b6 25. Nf5 Qg5 26. e4 g6 27. Rf3 bxc5
28. Rg3 Qd2 29. Qxc5 Kh7 30. Qc7 Ne7 31. Nxe7 Qd4+ 32. Kh1 1-0

[Event "Mistrzostwa Polski Juniorow do 16 lat"]
[Site "Karpacz"]
[Date "2015.??.??"]
[Round "5.8"]
[White "Zylka, Stanislaw"]
[Black "Szmer, Aleksander"]
[Result "1-0"]
[WhiteElo "2065"]
[BlackElo "1767"]
[PlyCount "41"]
[EventDate "2015.??.??"]

1. e4 e6 2. d4 d5 3. Nd2 c5 4. Ngf3 Nc6 5. exd5 exd5 6. Bb5 Nf6 7. O-O Be7 8.
dxc5 O-O 9. Nb3 Bg4 10. h3 Bh5 11. c3 Qc7 12. Be2 Rfe8 13. Be3 Bxf3 14. Bxf3
Ne5 15. Bd4 Ned7 16. Re1 Bf8 17. Qd3 Bxc5 18. Nxc5 Nxc5 19. Qb5 b6 20. Bxf6
gxf6 21. Rxe8+ 1-0

[Event "Mistrzostwa Polski Juniorow do 16 lat"]
[Site "Karpacz"]
[Date "2015.??.??"]
[Round "5.9"]
[White "Badyra, Wasyl"]
[Black "Koziol, Kamil"]
[Result "0-1"]
[WhiteElo "1885"]
[BlackElo "2216"]
[PlyCount "96"]
[EventDate "2015.??.??"]

1. e4 c5 2. Nf3 e6 3. d3 d5 4. Nbd2 Nc6 5. g3 b6 6. Bg2 Bb7 7. O-O Qc7 8. Re1
O-O-O 9. exd5 exd5 10. c3 Bd6 11. a3 a5 12. Nf1 Nge7 13. Bd2 h6 14. Rb1 g5 15.
b4 f5 16. bxc5 bxc5 17. c4 d4 18. Qb3 f4 19. Bh3+ Kb8 20. Bc1 Ka7 21. N3d2 Rb8
22. Qc2 Ne5 23. Bg2 f3 24. Bh1 N7g6 25. Ne4 Bc6 26. Bd2 a4 27. h3 Be7 28. Nh2
Rhf8 29. h4 gxh4 30. Rxb8 Qxb8 31. Bxh6 hxg3 32. Nxg3 Rf7 33. Nhf1 Bd6 34. Qd2
Bc7 35. Ne4 Ng4 36. Nfg3 Qb6 37. Qd1 Nxh6 38. Bxf3 Ne5 39. Bg2 Nf5 40. Ng5 Rf6
41. Nh7 Rg6 42. Nf8 Rg8 43. Ne6 Nxg3 44. fxg3 Rxg3 45. Re2 Bxg2 46. Qxa4+ Kb7
47. Nxc5+ Qxc5 48. Rb2+ Bb6 0-1

[Event "Mistrzostwa Polski Juniorow do 16 lat"]
[Site "Karpacz"]
[Date "2015.??.??"]
[Round "5.10"]
[White "Mockun, Dawid"]
[Black "Wacior, Maciej"]
[Result "1/2-1/2"]
[WhiteElo "1892"]
[BlackElo "1997"]
[PlyCount "80"]
[EventDate "2015.??.??"]

1. d4 Nf6 2. Nf3 d6 3. c4 Nbd7 4. Nc3 e5 5. dxe5 dxe5 6. Bg5 Be7 7. e3 c6 8.
Be2 h6 9. Bh4 O-O 10. O-O Nh5 11. Bxe7 Qxe7 12. Qc2 Nhf6 13. Rfd1 a6 14. Nd2
Nc5 15. h3 Ne6 16. Nde4 Ng5 17. Ng3 g6 18. Rab1 h5 19. Rbc1 Nfh7 20. Qd2 h4 21.
Nge4 f5 22. Qd6 Qg7 23. Nc5 f4 24. Nd7 Bxd7 25. Qxd7 Rf7 26. Qg4 f3 27. gxf3
Raf8 28. Rd6 Kh8 29. Kg2 Qh6 30. Ne4 Rf5 31. Kh1 Nxe4 32. Qxe4 Nf6 33. Qc2 Ne8
34. Rd8 Qg5 35. Qd1 R5f7 36. Kh2 Qe7 37. Ra8 e4 38. f4 Qf6 39. b3 Kh7 40. Rd8
Qb2 1/2-1/2

[Event "Mistrzostwa Polski Juniorow do 16 lat"]
[Site "Karpacz"]
[Date "2015.??.??"]
[Round "5.11"]
[White "Madej, Roman"]
[Black "Klepek, Witold"]
[Result "1-0"]
[WhiteElo "1935"]
[BlackElo "1931"]
[PlyCount "97"]
[EventDate "2015.??.??"]

1. d4 Nf6 2. Nf3 c5 3. c4 cxd4 4. Nxd4 g6 5. Nc3 Bg7 6. e4 d6 7. Be2 O-O 8. O-O
a5 9. Be3 a4 10. f4 a3 11. b3 Nc6 12. Qd2 Bg4 13. Bd3 Bd7 14. h3 Qa5 15. Rac1
Ne8 16. Ndb5 Nb4 17. Bb1 Bxb5 18. Nxb5 Bb2 19. Rcd1 Ra6 20. Kh1 Nc6 21. Qf2 Ng7
22. f5 Be5 23. Rd5 Qd8 24. Bc1 Nh5 25. Rd3 Nb4 26. Rf3 Nc6 27. g4 Ng7 28. fxg6
hxg6 29. Rxf7 Ra8 30. Bxa3 Qe8 31. Rxf8+ Qxf8 32. Qe2 Qc8 33. Qf3 Kh7 34. Bc1
Nd4 35. Nxd4 Bxd4 36. Qf7 Qe8 37. Qd5 Be5 38. Bg5 Qd7 39. Rf7 Re8 40. Bc2 Qc7
41. Kg2 Qb6 42. Qd2 Kg8 43. Rxe7 Rxe7 44. Bxe7 Ne6 45. Bg5 Qc7 46. a4 Kh7 47.
Be3 Qc8 48. b4 Qd8 49. Qf2 1-0

[Event "Mistrzostwa Polski Juniorow do 16 lat"]
[Site "Karpacz"]
[Date "2015.??.??"]
[Round "5.12"]
[White "Bakalarczyk, Jakub"]
[Black "Jankowiak, Tomasz"]
[Result "1/2-1/2"]
[WhiteElo "1602"]
[BlackElo "1663"]
[PlyCount "88"]
[EventDate "2015.??.??"]

1. d4 d5 2. c4 c6 3. Nc3 Nf6 4. Nf3 e6 5. Bg5 Nbd7 6. e3 Qa5 7. Nd2 Bb4 8. Qc2
O-O 9. Be2 dxc4 10. Bxf6 Nxf6 11. Nxc4 Qc7 12. O-O b6 13. Bf3 Bb7 14. Rac1 Rac8
15. Rfd1 Rfd8 16. h3 h6 17. Ne5 Bd6 18. Nd3 Nd5 19. Ne4 Nb4 20. Nxb4 Bxb4 21.
a3 Bf8 22. b4 c5 23. dxc5 Bxe4 24. Bxe4 bxc5 25. Rxd8 Qxd8 26. b5 Qa5 27. a4
Rd8 28. Rd1 Rxd1+ 29. Qxd1 a6 30. Bd3 axb5 31. Bxb5 Qb4 32. Qc1 g6 33. g3 Bg7
34. Qd1 c4 35. Qc2 c3 36. Kf1 Qb2 37. Bd3 Kf8 38. Qxb2 cxb2 39. a5 Be5 40. a6
Bb8 41. Ke2 Ke7 42. Kd2 Kd6 43. Kc2 Kc5 44. Kxb2 Ba7 1/2-1/2